Statistics for Biggest Metropolitan Cities in Vietnam

Click here to take the quiz!

General Stats

  • This quiz has been taken 20 times
  • The average score is 4 of 7

Answer Stats

Population (2024)City% Correct
9,320,000Hanoi
100%
21,282,000Ho Chi Minh City
100%
1,134,000Da Nang
72%
2,028,000Can Tho
56%
2,358,000Hai Phong
56%
1,520,000Nha Trang
28%
1,411,000Vung Tau
11%

Score Distribution

Percentile by Number Answered

Percent of People with Each Score

Your Score History

You have not taken this quiz